Úvahy o výzve teórii manažmentu z pohľadu budúcnosti

Súčasné najvýraznejšie orientácie v prezentácii poznatkov z manažmentu. Prehľad niektorých faktorov pôsobiacich na zmeny v manažmente. Nástroje, prostriedky slúžiace úspešnému zvládnutiu zmien v manažmente. Námety na účasť univerzít, fakúlt, katedier, na vedecko - výskumnej účasti rozvoja manažmentu...

Full description

Saved in:
Bibliographic Details
Main Author: Lipták, František
Format: Book Chapter
Language:Slovak
Subjects:
Tags: Add Tag
No Tags, Be the first to tag this record!

MARC

LEADER 00000nla a2200000 4500
001 0231300
005 20240417075121.3
041 0 |a slo 
044 |a SK 
245 1 0 |a Úvahy o výzve teórii manažmentu z pohľadu budúcnosti  |c František Lipták 
520 |a Súčasné najvýraznejšie orientácie v prezentácii poznatkov z manažmentu. Prehľad niektorých faktorov pôsobiacich na zmeny v manažmente. Nástroje, prostriedky slúžiace úspešnému zvládnutiu zmien v manažmente. Námety na účasť univerzít, fakúlt, katedier, na vedecko - výskumnej účasti rozvoja manažmentu a formovania manažérov. 
610 2 0 |a manažment 
610 2 0 |a manažéri 
610 2 0 |a rozvoj vedecký 
610 2 0 |a univerzity 
100 1 |a Lipták, František